=LDR 00000nam 2200000 4500 =001 INLIS000000000041468 =005 20200709094125 =035 ##$$a 0010-061300000041468 =008 200709################g##########0#ind## =041 ##$$a ind =082 ##$$a 2x6.3 =090 ##$$a 2x6.3, Par, p =245 ##$$a Paradigma baru ekonomi kerakyatan sistim syari'ah, : $b perjalanan gagasan dan gerakan BMT di indonesia (Baitul maal wat tanwil) /$c Editor, Baihaqi Abd. Madjid, Saifuddin A. Rasyid =260 ##$$a Jakarta :$b PINBUK,$c 2000 =300 ##$$a xvii, 309 hlm. ; $c 15 x 21 cm =850 ##$$a NBPNMAT =020 ##$$a 979-95938-0-6 =084 ##$$a 2x6.3 PAR p =500 ##$$a Indeks; hlm, 297-304 =650 #4$$a Islam dan ekonomi =700 #$$a Baihaqi Abd. Madjid, Saifuddin A. Rasyid =520 ##$$a Biografi; hlm, 305-309 =990 ##$$a 173.182/pro-2002 =990 ##$$a 173.179/Pro-2002 =990 ##$$a 173.182/pro-2002